000 00555nam a22001817a 4500
005 20250908120141.0
010 _aENG-146827
020 _a9788119524433
_c249
035 _aEN-130359
037 _bDBAD
082 _a881
100 _aMbata,Kelvin
_984885
245 _aFor You My Love /
_cKelvin Mbata
_bHeart To Heart
260 _aKolkata
_bExceller Books A Global Press
_c2024
270 _aG1 Dream Apartment, Degree College Road, Belgharia
_bKolkata
_e700056
300 _a92 p.
_c21 cm(PBK)
_bill
942 _2ddc
_cEN
_h881
_mMba
999 _c213375
_d213375